Sabina: Dôraz kladieme na kvalitu

História firmy Sabina Sabinov vo východoslovenskom regióne. Po privatizácii firmy v roku 1992 bola založená spoločnosť s r.o. s názvom R.C.C., spol. s.r. SABINA. Výrobný program spoločnosti, sortiment nealkoholických nápojov. Obaly progresívnej svetovej technológie.

Gespeichert in:
Bibliographische Detailangaben
1. Verfasser: Krivosudský, P.
Format: Buchkapitel
Sprache:Slowakisch
Schlagworte:
Tags: Tag hinzufügen
Keine Tags, Fügen Sie das erste Tag hinzu!

MARC

LEADER 00000naa a2200000 4500
001 r019849
005 20221213101420.5
041 0 |a slo 
044 |a SK 
245 1 0 |a Sabina: Dôraz kladieme na kvalitu  |c P. Krivosudský 
520 |a História firmy Sabina Sabinov vo východoslovenskom regióne. Po privatizácii firmy v roku 1992 bola založená spoločnosť s r.o. s názvom R.C.C., spol. s.r. SABINA. Výrobný program spoločnosti, sortiment nealkoholických nápojov. Obaly progresívnej svetovej technológie. 
610 2 0 |a R.C.C., s.r.o. SABINA Sabinov 
610 2 0 |a programy výrobné 
610 2 0 |a nápoje nealkoholické 
610 2 0 |a obaly 
100 1 |a Krivosudský, P.